000 00325nam a2200133Ia 4500
008 210210b1991 xxu||||| |||| 00| 0 eng d
082 _a158.3 FUSP
100 _aFUSTER (J M).
245 _aPersonal counselling.
260 _aBombay
_bBetter yourself books
_c1991
300 _a317
690 _aCounselling
906 _a045770
999 _c94905
_d94905